Going green

Bibliographic Details
Main Author: Ruhland, Catherinne Von
Format: Book
Published: London : Marshall Pickering , 1991
Subjects:

MARC

LEADER 00000cam a2200000 7i4500
001 0000000986
002 000001095
005 20000330.0
020 |a 0551022833 
090 0 0 |a 261.83628   |b RUH 
100 1 |a Ruhland, Catherinne Von 
245 1 0 |a Going green   |c Catherine Von Ruhland   |c illustrated by Dan Donovan 
260 |a London :   |b Marshall Pickering ,   |c 1991 
300 |a 183p ;   |c 20cm. 
650 0 0 |a Greenhouse effect 
999 |a 030179   |b BUKU   |c PINJAMAN   |e PERPUSTAKAAN KOMUNITI PETALING JAYA